000
00457nam a2200145Ia 4500
008
100204s9999 xx 000 0 und d
082
_b
14845
100
_a
क्षेत्रमाडे सुमती
245
_a
मर्मबंध
260
_b
"बांदोडकर पब्लिशिंग हाऊस, गोवा"
300
_a
258
630
_a
मर्मबंध
730
_a
मर्मबंध
942
_c
BOOK
999
_c
459276
_d
459273